000 00303nam a2200133Ia 4500
100 _aFeigenbaum/ A.V.
942 _cRB
654 _amanagement
245 _aTotal quality control Engg. & management
260 _bMcGraw Hill
_aNew York
_c1961
082 _a658.56
300 _a627
546 _aENGLISH
999 _c22018
_d22018